1308 1855 1144 1150 1271 1924 1443 1308 1633 1229 1931 1802 1925 1488 1488 1459 1978 1158 1249 1612 1592 1368 1352 1363 1839 1708 1656 1437 1110 1282 1798 1395 1054 1897 1863 1824 1043 1489 1869 1381 1445 1478 1600 1682 1840 1309 1705 1412 1258 1064 1817 1575 1080 1256 1916 1658 1727 1462 1049 1036 1108 1526 1050 1574 1246 1429 1526 1924 1067 1556 1817 1344 1348 1869 1951 1287 1251 1873 1752 1609 1083 1060 1042 1215 1163 1093 1985 1524 1244 1731 1298 1254 1832 1850 1573 1580 1497 1265 1625 BCNSPRNW ULIB Ver.6.0+V

เปลี่ยนเป็นภาษาไทย

Change to English
 แสดงรายละเอียดบรรณานุกรม
  กลับหน้าหลัก

Brief Record : Get Marc (ISO 2709) : E-mail record : QR code < ปิดหน้าต่าง
LEADER : 00000nam 2200000uu 4500
001    13399127039
003     ULIB
008    020711s2561 th a 000 0 tha d
020    ^a9786162279850
060    ^aWS103^bต-ล
100    ^aตุ๊บปอง
245    ^aลูกลิงสวัสดี ชุดลูกลิงเรียนรู้
250    ^aพิมพ์ครั้งที่ 1
260    ^aกรุงเทพฯ :^bบริษัท แปลน ฟอร์ คิดส์ จำกัด,^c2561
300    ^a15 หน้า;^b21 ซม.
650    ^aเด็ก^xการเรียนการสอน
945    ^p115^l0^i006227
999    ^aประนอม เกษจรัล
รายการนี้ยังไม่มีแท็ก
คุณยังไม่ได้ล็อกอิน คุณสามารถมีกิจกรรมร่วมกับเว็บไซต์ได้ แต่ต้องล็อกอินก่อน ::
  ล็อกอิน

รายการสื่อสารสนเทศ

ลำดับที่ ประเภท เลขเรียก/บาร์โค้ด สถานที่ สถานะ
1. วิทยาศาสตร์การแพทย์ และสุขภาพ
วิทยาศาสตร์การแพทย์ และสุขภาพ
WS103 ต-ล ฉ.1 
  Barcode: 006227
ห้องสมุดวิทยาเขตสวรรค์ประชารักษ์
►หนังสือทั่วไป
บนชั้น

รายการใกล้เคียง
    ผู้แต่ง [ตุ๊บปอง]

BibComment


ยังไม่เคยถูกคอมเมนท์

คอมเมนท์ทรัพยากรรายการนี้
  คอมเมนท์: ลูกลิงสวัสดี ชุด..


 Copyright 2026. Bcnsprnw @Library